| 000 | 00687cam a2200229 a 4500 | ||
|---|---|---|---|
| 008 | |||
| 020 | _a9780521007948 (pbk.) | ||
| 049 | _aMAIN | ||
| 090 |
_aQA297 _bSUL |
||
| 100 | 1 | _aSuli, Endre. | |
| 245 | 1 | 3 |
_aAn introduction to numerical analysis / _cEndre Suli and David F. Mayers. |
| 260 |
_aCambridge : _bCambridge University Press, _c2006. |
||
| 300 |
_ax, 433 p. : _bill. ; _c23 cm. |
||
| 504 | _aIncludes bibliographical references. | ||
| 500 | _aIncludes index. | ||
| 700 | _aMayers, David F. | ||
| 907 |
_a.b10336801 _b19-02-14 _c05-11-13 |
||
| 003 | |||
| 005 | 20230123122036.0 | ||
| 040 | _cNUST | ||
| 942 |
_cBOOKS _kQA297 _mSUL |
||
| 999 |
_c126796 _d126796 |
||